| 000 | 00783cam a22002535a 4500 | ||
|---|---|---|---|
| 001 | 015187063 | ||
| 003 | OSt | ||
| 005 | 20180311144242.0 | ||
| 008 | 070701s1970 nyua frb o001 0 eng d | ||
| 020 | _a0486209733 | ||
| 020 | _a9780486209739 | ||
| 040 |
_aUk _beng _cUk _dEG-ScBUE |
||
| 082 | 0 | 4 |
_222 _a621.395 _bBAS |
| 110 | 1 |
_aUnited States. _bBureau of Naval Personnel. |
|
| 245 | 1 | 0 |
_aBasic electricity / _cBureau Of Naval Personnel. |
| 250 | _a2nd ed., Rev. ed. | ||
| 260 |
_aNew York : _bDover Publications, _c1970. |
||
| 300 |
_a490 p. : _bill. ; _c24 cm. |
||
| 504 | _aIncludes bibliographical references and index. | ||
| 650 | 7 |
_2BUEsh _aLogic design _xData processing. |
|
| 650 | 7 |
_aIntegrated circuits _xDesign _xData processing _2BUEsh |
|
| 651 | _2BUEsh | ||
| 942 | _2ddc | ||
| 999 |
_c26272 _d26244 |
||